[Event "RN-2014-0-00866"]
[Site "LSS email"]
[Date "2014.11.08"]
[Round "?"]
[White "Yalpaev, Sergej"]
[Black "Bieszk, Stanislaw"]
[Result "1/2-1/2"]
[WhiteElo "796"]
[BlackElo "867"]
[PlyCount "44"]
[EventDate "2014.10.29"]
[EventType "tourn (corr)"]
[EventRounds "6"]
[EventCountry "GER"]
[SourceTitle "Corr 2015"]
[Source "ChessBase"]
[SourceDate "2015.07.17"]
[SourceVersion "1"]
[SourceVersionDate "2015.07.17"]
[SourceQuality "1"]

1. e4 c5 2. Bc4 e6 3. Nf3 a6 4. d4 b5 5. Bd3 c4 6. Be2 d5 7. e5 Ne7 8. Bg5 h6 9. Bxe7 Bxe7 10. 0-0 Nd7 11. b3 Nb6 12. a4 Bb7 13. a5 Nd7 14. bxc4 dxc4 15. Nc3 Bb4 16. Na2 Bxa5 17. Rb1 0-0 18. Bxc4 bxc4 19. Rxb7 Rb8 20. Ra7 Ra8 21. Rb7 Rb8 22. Ra7 Ra8 1/2-1/2